| 000 | 01004cam a22002297a 4500 | ||
|---|---|---|---|
| 001 | 83386) | ||
| 003 | BD-RjUL | ||
| 005 | 20240318135920.0 | ||
| 008 | 240319m1926 pk a 000 0 urd | ||
| 035 | _a(BD-RjUL)83386) | ||
| 040 |
_aDLC _cDLC _dDLC _beng |
||
| 041 | _aurd | ||
| 082 |
_223 _a891.4391 _bNUM 1926 |
||
| 100 | 0 |
_aNuʻmānī,Shiblīنعمانى, شبلى _d1857-1914. _9759 |
|
| 245 | 1 | 0 |
_aمقالات شبلى / Muqālāt-i Shiblī / _cMaulānā Shiblī Nuʻmānī raḥmatulláh ;; .مولانا شبلى نعمانى رحمتالله علىه.,، , |
| 260 |
_aLahore : _bM. Sanaullah khan ind, _c1926 |
||
| 300 |
_a264 p. ; _c18 cm. |
||
| 500 | _aEssays. | ||
| 942 |
_2ddc _cBK |
||
| 999 |
_c83386 _d83386 |
||